LEADER 01108nam0 22002771i 450 001 VAN0026582 005 20231213022833.459 010 $a88-7177-010-2 100 $a20041026d1990 |0itac50 ba 101 $aita 102 $aIT 105 $a|||| ||||| 200 1 $aArchitettura in Sicilia nelle età islamica e normanna, 827-1194$fGiuseppe Bellafiore 210 $aPalermo$cLombardi$d[1990] 215 $a366 p.$cill.$d27 cm. 620 $dPalermo$3VANL000013 676 $a720.9458$v21 700 1$aBellafiore$bGiuseppe$3VANV022174$023786 712 $aLombardi$3VANV108887$4650 801 $aIT$bSOL$c20231215$gRICA 856 4 $u/sebina/repository/catalogazione/documenti/26582.pdf$z26582.pdf 899 $aBIBLIOTECA DEL DIPARTIMENTO DI ARCHITETTURA E DISEGNO INDUSTRIALE$1IT-CE0107$2VAN01 912 $aVAN0026582 950 $aBIBLIOTECA DEL DIPARTIMENTO DI ARCHITETTURA E DISEGNO INDUSTRIALE$d01PREST IBb301 $e01 27747 20050725 996 $aArchitettura in Sicilia nelle eta islamica e normanna$9631119 997 $aUNICAMPANIA LEADER 01953nam1 22003733i 450 001 VAN0268704 005 20231214113245.349 100 $a20231213f |0itac50 ba 101 $aeng 102 $aUS 105 $a|||| ||||| 200 1 $aModern Geometry$eMethods and Applications$fB. A. Dubrovin, A. T. Fomenko, S. P. Novikov$gTransl. from the Russian by Robert G. Burns 210 $aNew York$cSpringer-Verlag 215 $avolumi$cill.$d24 cm 463 1$1001VAN0268705$12001 $aˆPart 1: The ‰Geometry of Surfaces, Transformation Groups, and Fields$fB. A. Dubrovin, A. T. Fomenko, S. P. Novikov$gTransl. from the Russian by Robert G. Burns$1210 $aNew York$cSpringer-Verlag$d1984$1215 $axv, 464 p.$cill.$d24 cm$v1 463 1$1001VAN0268799$12001 $aˆPart 2: The ‰Geometry and Topology of Manifolds$fB. A. Dubrovin, A. T. Fomenko, S. P. Novikov$gTransl. from the Russian by Robert G. Burns$1210 $aNew York$cSpringer-Verlag$d1985$1215 $axv, 430 p.$cill.$d24 cm$v2 500 1$3VAN0268706$aSovremennaja Geometria : Metody i Prilozenia$93644184 620 $aUS$dNew York$3VANL000011 700 1$aDubrovin$bBoris A.$3VANV030250$052477 701 1$aFomenko$bAnatolij T.$3VANV030252$0541665 701 1$aNovikov$bSergej P.$3VANV030251$0464308 702 1$aBurns$bRobert G.$3VANV044316$4730 712 $aSpringer $3VANV108073$4650 790 1$aFomenko, Anatolij Timofeevi?$zFomenko, Anatolij T.$3VANV044248 790 1$aFomenko, A.T.$zFomenko, Anatolij T.$3VANV062035 790 1$aFomenko, A. T.$zFomenko, Anatolij T.$3VANV062036 790 1$aNovikov, S. P.$zNovikov, Sergej P.$3VANV042782 790 1$aNovikov, Sergei Petrovich$zNovikov, Sergej P.$3VANV035325 790 1$aNovikov, Sergej Petrovic$zNovikov, Sergej P.$3VANV043363 801 $aIT$bSOL$c20240614$gRICA 912 $fN 912 $aVAN0268704 996 $aSovremennaja Geometria : Metody i Prilozenia$93644184 997 $aUNICAMPANIA